LEADER 01094nam0 2200289 450 001 000040668 005 20150520153854.0 100 $a20150514d1966----km-y0itaa50------ba 101 0 $aita 102 $aIT 200 1 $a<> montaggio e gli elementi espressivi del film$eguida teorico-pratica per il montaggio del film$gPaolo Uccello 210 $aRoma$cRomano$d1966 215 $a174 p.$c24 cm. 606 1 $aFilm 606 2 $aMontaggio cinematografico 676 $a778.5$v(22. ed.)$9Cinematografia, produzione, video, attivitą connesse 700 1$aUccello,$bPaolo$0329702 801 0$aIT$bUniversitą della Basilicata - B.I.A.$gREICAT$2unimarc 912 $a000040668 996 $aMontaggio e gli elementi espressivi del film$9104733 997 $aUNIBAS BAS $aLETTERE CAT $aSTD103$b01$c20150514$lBAS01$h1132 CAT $aSTD103$b01$c20150514$lBAS01$h1146 CAT $aTTM$b30$c20150520$lBAS01$h1538 FMT Z30 -1$lBAS01$LBAS01$mBOOK$1BASA1$APolo Storico-Umanistico$2FLAR$BFondo Larotonda$3FLar/113503$6113503$5L113503$820150514$f04$FPrestabile Didattica LEADER 01834nam 22005891 450 001 9910453724403321 005 20200520144314.0 010 $a90-272-7136-4 035 $a(CKB)2550000001165677 035 $a(SSID)ssj0001059466 035 $a(PQKBManifestationID)11585848 035 $a(PQKBTitleCode)TC0001059466 035 $a(PQKBWorkID)11084801 035 $a(PQKB)11053655 035 $a(MiAaPQ)EBC1569527 035 $a(Au-PeEL)EBL1569527 035 $a(CaPaEBR)ebr10813548 035 $a(CaONFJC)MIL546945 035 $a(OCoLC)865032845 035 $a(EXLCZ)992550000001165677 100 $a20130701h20132013 uy 0 101 0 $aeng 135 $aurcnu|||||||| 181 $ctxt 182 $cc 183 $acr 200 10$aChinese grammar at work /$fShuanfan Huang 210 1$aAmsterdam ;$aPhiladelphia :$cJohn Benjamins Publishing Company,$d[2013] 210 4$d©2013 215 $a1 online resource (470 pages) 225 1 $aStudies in Chinese language and discourse ;$vvolume 1 300 $aBibliographic Level Mode of Issuance: Monograph 311 $a90-272-0182-X 311 $a1-306-15694-7 320 $aIncludes bibliographical references and index. 410 0$aStudies in Chinese language and discourse ;$vv. 1. 606 $aChinese language$xGrammar$xStudy and teaching 606 $aChinese language$xGrammar 606 $aChinese philology 608 $aElectronic books. 615 0$aChinese language$xGrammar$xStudy and teaching. 615 0$aChinese language$xGrammar. 615 0$aChinese philology. 676 $a495.15 700 $aHuang$b Xuanfan$0876656 801 0$bMiAaPQ 801 1$bMiAaPQ 801 2$bMiAaPQ 906 $aBOOK 912 $a9910453724403321 996 $aChinese grammar at work$91957519 997 $aUNINA